| 000 | 00432nam a2200169Ia 4500 | ||
|---|---|---|---|
| 999 |
_c9473 _d9473 |
||
| 020 | _a1855672197 | ||
| 082 | _a320.954 AUS-D | ||
| 100 | _aAustin, Dennis | ||
| 245 | 0 | _aDemocracy and violence in India and Sri Lanka | |
| 260 |
_aLondon _bPinter Publishers _c1994 |
||
| 300 | _axviii, 101 | ||
| 504 | _aincludes appendix | ||
| 650 |
_aDemocracy _zIndia |
||
| 650 |
_aDemocracy _zSri Lanka |
||
| 650 | _aDemocracy | ||
| 942 |
_cBK _2ddc |
||